000
00306nam a22001337a 4500
008
170606b xxu||||| |||| 00| 0 eng d
020
_a
9780195097702
041
_a
eng
080
_2
3RD
_a
94(100)
100
_a
18
101
_a
SHH
245
_a
THE TWENTIETH-CENTURY WORLD
_c
KEYLOR,W.R
942
_2
udc
_c
BK
999
_c
16132
_d
16132